Estatísticas para 180 Graus Países

Clique aqui para jogar o quiz

Estatísticas Gerais

  • Esse quiz foi jogado 42 vezes
  • A pontuação média é 14 de 20

Estatísticas das Respostas

grauspaís% Correto
26.36°Austrália
86%
1.42°Nova Zelândia
84%
0.22°Estados Unidos
76%
16.96°Micronésia
76%
7.83°Ilhas Marshall
73%
34.18°Japão
73%
24.05°Papua Nova Guiné
73%
Rússia
73%
4.64°Tonga
73%
0.13°Tuvalu
73%
Fiji
70%
3.50°Kiribati
70%
13.04°Nauru
70%
7.20°Samoa
70%
13.87°Ilhas Salomão
68%
45.35°Palau
68%
9.76°Vanuatu
68%
39.00°Indonésia
57%
14.12°Ilhas Cook
30%
10.05°Niuê
24%

Distribuição das Pontuações

Percentil de Números Respondidos

Porcentagem de Pessoas com Cada Pontuação

Sua Pontuação Histórica

Você não jogou esse quiz